[Event "Pawns-Chargers"]
[Site "?"]
[Date "1999.09.13"]
[Round "?"]
[White "Jakstas, K"]
[Black "Warren, J"]
[Result "1/2-1/2"]
[WhiteElo "2148"]
[BlackElo "2110"]
[PlyCount "42"]
[EventDate "1999.??.??"]

1. d4 Nf6 2. Nf3 e6 3. Bg5 h6 4. Bxf6 Qxf6 5. e4 d5 6. Nbd2 Qd8 7. e5 c5 8. c3
Nc6 9. Nb3 cxd4 10. cxd4 Bb4+ 11. Nbd2 Qb6 12. a3 Be7 13. Nb3 a5 14. Rb1 a4 15.
Na1 O-O 16. Be2 f6 17. exf6 Bxf6 18. Nc2 Qa5+ 19. Qd2 Qxd2+ 20. Kxd2 e5 21.
dxe5 Bxe5 1/2-1/2

[Event "Pawns-Chargers"]
[Site "?"]
[Date "1999.09.13"]
[Round "?"]
[White "Ellice, W"]
[Black "Marcowka, B"]
[Result "0-1"]
[WhiteElo "1911"]
[BlackElo "2008"]
[PlyCount "73"]
[EventDate "1999.??.??"]

1. Nf3 f5 2. d4 Nf6 3. g3 g6 4. Bg2 Bg7 5. c3 d6 6. Qb3 h6 7. Nh4 g5 8. Ng6 {
Disrupting Kside, but how is N to escape?} 8... Rh7 9. Bxb7 Bxb7 10. Qxb7 Nbd7
11. h4 11... Kf7 { } 12. hxg5 $2 (12. h5 Nxh5 13. Nxe7 (13. Rxh5 Kxg6) 13...
Kxe7 (13... Nxg3 $2 14. Nc6 {and then fxg}) 14. Rxh5 {Wh keeps extra P}) 12...
hxg5 13. Nxe7 Kxe7 14. Bxg5 {
Wh temporarily has 3Ps for N, but lagging development and open lines will tell}
14... Rb8 15. Qf3 {Q is tied to Rh1 defense} 15... Rxh1+ 16. Qxh1 Rxb2 17. Qh7
$2 { } 17... Qh8 $1 {forcing off Qs} 18. Qxh8 (18. Qxf5 $4 18... Qh1#) 18...
Bxh8 19. Nd2 Kf7 20. f3 20... Nd5 { Bl has an extra active piece} 21. Nb1 N7b6
22. Bc1 Rb5 23. Kd2 23... f4 { } 24. gxf4 (24. g4 {
then Kd3 at least threatens to activate extra Ps and maybe c4 fork.}) 24...
Nxf4 25. e3 Ne6 26. Kd3 Rh5 27. Nd2 Rh3 28. Ba3 Bf6 29. Rf1 {
the Wh passer is easily blocked} 29... Rh2 (29... Bg5 30. Ne4 (30. f4 $2 30...
Nxf4+) 30... Bh6 31. Ke2 d5 32. Nd2 32... Na4 {attacking Pchain base}) 30. e4
Bd8 31. Bc1 c5 32. Ba3 Be7 33. Bc1 d5 34. Rg1 c4+ 35. Kc2 Bh4 36. Rg4 Bg5 37.
e5 { } 0-1

[Event "Pawns-Chargers"]
[Site "?"]
[Date "1999.09.13"]
[Round "?"]
[White "Mikvlecky, B"]
[Black "Rosley, D"]
[Result "0-1"]
[WhiteElo "1470"]
[BlackElo "1797"]
[PlyCount "99"]
[EventDate "1999.??.??"]

1. e4 c5 2. Nf3 a6 3. Bc4 e6 4. Nc3 Nc6 5. d4 cxd4 6. Nxd4 6... Bb4 { } 7. Be3
(7. Nde2 {
Maintains pieces and Pawn structure, as well as stopping the keymove -d5.})
7... Bxc3+ 8. bxc3 b5 9. Nxc6 dxc6 10. Qxd8+ Kxd8 11. Bd3 11... Nf6 { The doubl
ed Pawns aren't a problem, White can play c4 (with both) and trade them away.
If he has any advantage, it is the dark-squared Bishop and its ability to
harass King.} 12. Bg5 (12. Bb6+ Ke7 13. a4 {
hoping to open a-file and invade via a7.} {Bl doesn't go for} 13... bxa4 14.
Rxa4 { and a6 is an easy target}) 12... h6 13. Bxf6+ {Not good, trading away
the best piece on the board! Look at all the unprotected dark squares!} 13...
gxf6 14. O-O e5 15. Rfd1 15... Ke7 { } 16. Rab1 {
Passive defense is usually bad, White needs to trade those bad Pawns!} (16. a4
Be6 (16... Bb7 17. axb5 cxb5 18. c4) 17. axb5 cxb5 18. Ra5 Rhc8 19. Rda1 {
Black can't win c3 and hold a6.}) 16... Be6 17. a4 17... Rac8 { } 18. Be2 (18.
axb5 cxb5 19. Ra1 {works as before}) 18... Rhg8 19. Rb4 Rgd8 20. Kf1 20... Bc4
{ } 21. Ke1 (21. Rxd8 Bxe2+ (21... Rxd8 22. Bxc4 bxc4 23. Rxc4 {
simply loses a Pawn}) 22. Kxe2 Rxd8 23. c4 { } 23... Rd4 (23... c5 24. Rb1 Rd4
25. cxb5 Rxe4+ 26. Kf3 Rxa4 27. b6 {is a win}) 24. f3 Rxc4 25. Rxc4 bxc4 26.
Kd2 Kd6 27. Kc3 27... Kc5 { } 28. g4 $1 {White wins the Pawn back, and
probably wins because of his three h-pawn moves that can be used as
tempo-gainers.}) 21... Bxe2 22. Kxe2 Rd6 23. c4 23... c5 { } 24. Rb3 (24. Rbb1
Rxd1 25. Rxd1 bxc4 26. Rb1 { and Black has the double-Pawn problems. White
needs to watch out for Rd8,c3,Rd2+ creating c-passer}) 24... Rxd1 25. Kxd1 Rd8+
26. Ke2 b4 27. c3 bxc3 28. Rxc3 Rd4 29. f3 29... Kd7 { } 30. Ke3 (30. Rd3 30...
Kc6 {and the Black King invades} (30... Rxd3 $4 31. Kxd3 Kc6 32. g3 {
and after f4, White King invades through Kingside Pawn weaknesses}) 31. Rxd4 $4
31... cxd4 {with Kc5-b4 coming, Black wins}) 30... Ke6 31. g4 31... Ke7 {
White needs to get his Rook active NOW!!} 32. h4 (32. a5 {
idea: Rb3-b6 and let King fight off Rook and passer} 32... Kd6 33. Rb3 Rxc4 34.
Rb6+ Kc7 35. Rxa6 { White's Rook has all kinds of targets}) 32... h5 33. gxh5
Kf8 34. Rc2 {a5,Rb3-6 still looks good, especially with Black King further out
of play.  If the Rook is to move back, c1 is best.} 34... Kg7 35. Kf2 Kh6 36.
Kg3 Kxh5 37. Kf2 37... f5 { } 38. Ke3 f4+ 39. Kf2 Kxh4 40. Rc1 Kg5 41. Rg1+
41... Kf6 { } 42. Ke2 (42. Rb1 {
idea Rb6+ fork, but now White King farther from c-passer} 42... Rxc4 43. Rb6+
Kg5 (43... Ke7 44. Rxa6 Rc2+ 45. Ke1) 44. Rxa6 Rc2+ 45. Ke1 45... f5 {
Black forces another passer and should win} 46. exf5 Kxf5 47. a5 e4 48. fxe4+
Kxe4 49. Ra8 f3 50. Re8+ Kd4 51. a6 Ra2 52. Re6 52... c4 { }) 42... Rxc4 43.
Rd1 Rd4 44. Rb1 Rb4 45. Rd1 Ke6 46. Rd5 Rc4 47. Kd2 Rxa4 48. Kc3 Ra5 49. Kc4
49... f5 { } 50. exf5+ 0-1

[Event "Pawns-Chargers"]
[Site "?"]
[Date "1999.09.13"]
[Round "?"]
[White "Weisner, T"]
[Black "Stamm, V"]
[Result "0-1"]
[WhiteElo "1118"]
[BlackElo "1548"]
[PlyCount "112"]
[EventDate "1999.??.??"]

1. Nf3 b6 2. d4 Bb7 3. Nbd2 Nf6 4. e3 e6 5. Bd3 Be7 6. O-O Nc6 7. a3 7... O-O {
Bl has a slight advantage due to better piece placement. Wh QB is especially
bad.} 8. Ng5 h6 9. Nge4 Nxe4 10. Bxe4 {
The trades haven't changed the evalution} 10... d5 11. Bd3 Re8 12. c3 {
Wh can grab space with b4 & c4} 12... e5 13. Bc2 Bd6 14. f3 $2 14... exd4 15.
cxd4 { } 15... Qd7 {Pe3 is loose, but Bl aims at larger game} 16. Nb3 16... Ba6
{stopping problems after Wh Qd3, idea Qh7+} 17. Bd3 (17. Re1 {
idea e4 opens position, but simply} 17... f5 {would assure Bl his share of play
}) 17... Bxd3 18. Qxd3 { } 18... Nd8 19. Bd2 c6 20. Qe2 Qc7 21. g3 Re6 22. f4
22... f5 { secures e4 and provides a path for Q} 23. Qh5 Qf7 24. Qxf7+ 24...
Nxf7 { } 25. Rf3 {a rather useless square for R} ({If Wh tries to pile up on c6
} 25. Rac1 25... Rc8 26. Rc3 26... c5 {
and if Wh trades Ps, pressure down b-file}) 25... Rg6 26. Rc1 Rc8 27. Kg2 { }
27... Rc7 (27... c5) 28. Bb4 Kf8 29. Bd2 Ke7 30. Rc3 30... Rf6 { } 31. Nc1 {
nicely finding life for the N} 31... g5 32. h3 h5 33. Nd3 g4 34. hxg4 34...
hxg4 { } 35. Rf2 ({The obvious} 35. Rf1 35... Rh6 36. Rh1 {
immediately contests the opened file}) 35... Rh6 36. Ne5 { } 36... Bxe5 {
dumping bad B for active N} 37. fxe5 Rh5 38. Rc2 Ke6 39. Bb4 { } 39... Nd8 $2 (
39... Ng5 {idea: Nf3 attacking K or Ne4 & Rh3 attacking Pg3}) 40. Kg1 Rch7 41.
Rh2 Rh3 42. Be1 Rxh2 43. Rxh2 Rxh2 44. Kxh2 { an interesting ending. Wh still
has bad B, but the Pe5 passer is enough to hold.} 44... b5 (44... c5 45. Kg2 {
as in game} 45... Nc6 (45... c4 46. Bb4 a5 47. Bf8 b5 48. Kf2 Nc6 49. Ke2 b4
50. Kd2 $11) 46. Bc3 {and Bl cant force through}) 45. Kg2 Nf7 46. Kf2 Ng5 47.
Ke2 Ne4 48. Kd3 48... c5 { } 49. b3 {
Wh can just shuttle Ke2-d3 to draw. Bl K or N tied to Pe5 passer.} 49... c4+
50. bxc4 bxc4+ 51. Kc2 Kd7 52. a4 52... Kc6 {
Bl K can't cross a5 or b5, so Wh still holds} 53. a5 $2 {allowing Kb5} 53... a6
54. Kd1 54... Kb5 { } 55. e6 $2 55... Kc6 56. e7 Kd7 0-1

[Event "Exemplars-MKnights"]
[Site "?"]
[Date "1999.09.21"]
[Round "?"]
[White "Gazmen, B"]
[Black "Horton, D"]
[Result "1-0"]
[WhiteElo "2131"]
[BlackElo "1836"]
[PlyCount "51"]
[EventDate "1999.??.??"]

1. e4 c5 2. c3 g6 3. Nf3 Bg7 4. d4 b6 5. Bf4 Nf6 6. Bd3 Bb7 7. Qe2 O-O 8. Nbd2
d6 9. h3 9... Nbd7 { } 10. Qe3 Re8 11. O-O a6 12. a4 cxd4 13. cxd4 Rc8 14. Rfc1
Rc7 15. b4 { } 15... Qb8 16. Rc2 Rxc2 17. Bxc2 17... Rc8 { } 18. Rc1 Qa8 19.
Ng5 19... Kf8 { } 20. Nxf7 $6 20... Nxe4 (20... Kxf7 21. Bb3+ (21. e5 Nd5 22.
e6+ Kf8 23. exd7 (23. Qf3 Nxf4 24. Qxf4+ Nf6) 23... Nxe3 24. dxc8=Q+ Qxc8 25.
fxe3 {and Wh has weaknesses at c2 & c1}) 21... e6 (21... Kf8) 22. Rxc8 Qxc8 23.
Nc4) 21. Nxe4 Bxe4 22. Re1 { } 22... d5 $2 (22... Rxc2 $1 23. Ng5 (23. Qxe4
Qxe4 24. Rxe4 24... Kxf7 {Bl has won a N}) 23... d5 (23... Bc6 24. Qxe7+ Kg8
25. Qf7+ Kh8 26. Re8+) 24. f3 Nf6 (24... Bf5 25. Qxe7+ {
and wins Q as previous line})) 23. Ng5 { } 23... e5 24. Ne6+ Kf7 25. Ng5+ Kg8
26. dxe5 {Rest of score missing} 1-0

[Event "MKnights-Exemplars"]
[Site "?"]
[Date "1999.09.21"]
[Round "?"]
[White "Thomson, J"]
[Black "Sollano, E"]
[Result "1-0"]
[WhiteElo "1542"]
[BlackElo "2006"]
[PlyCount "111"]
[EventDate "1999.??.??"]

1. e4 e5 2. Nf3 Nc6 3. Bc4 Be7 4. d4 d6 5. dxe5 dxe5 6. Qxd8+ Bxd8 7. Be3 Nf6
8. Nc3 O-O 9. h3 a6 10. O-O-O Re8 11. Rd2 h6 12. Rhd1 Be7 13. a3 Bd6 14. Nh4 b5
15. Bd5 Nxd5 16. Nxd5 Kh7 17. Nb6 Rb8 18. Nxc8 Rexc8 19. Nf5 Bf8 20. Rd7 Kg8
21. f4 g6 22. Ng3 Bd6 23. f5 h5 24. fxg6 fxg6 25. Rf1 Rf8 26. Bh6 Rxf1+ 27.
Nxf1 Rd8 28. Rg7+ Kh8 29. Rxg6 Kh7 30. Rf6 Rg8 31. g3 b4 32. a4 Nd4 33. Kd2 Rg6
34. Rxg6 Kxg6 35. Be3 Ne6 36. h4 Be7 37. c3 Kf7 38. Kd3 Nd8 39. cxb4 Bxb4 40.
Kc4 Be1 41. Kd5 Nb7 42. Kxe5 Kg6 43. Bd2 Bf2 44. Be3 Be1 45. Kd5 Nd8 46. Bf4
Ba5 47. Ne3 Kf7 48. Nc4 c6+ 49. Kc5 Be1 50. Kb6 Bf2+ 51. Kxa6 Ke6 52. Ka5 Bc5
53. Be3 Nb7+ 54. Ka6 Bxe3 55. Kxb7 Bf2 56. a5 1-0

[Event "Excaliburs-MKings"]
[Site "?"]
[Date "1999.09.23"]
[Round "?"]
[White "Melnikov, I"]
[Black "Sullivan, J"]
[Result "1-0"]
[WhiteElo "2064"]
[BlackElo "1928"]
[PlyCount "75"]
[EventDate "1999.??.??"]

1. d4 d5 2. c4 c6 3. Nf3 e6 4. e3 Nf6 5. Nc3 Be7 6. Bd3 dxc4 7. Bxc4 Nbd7 8.
O-O Bb4 9. a3 Bxc3 10. bxc3 Ne4 11. Qc2 Ndf6 12. Bd3 Nd6 13. e4 Nd7 14. e5 Nb5
15. a4 Nc7 16. Bxh7 Nd5 17. c4 Ne7 18. Be4 f5 19. exf6 Nxf6 20. Bg6+ Kf8 21.
Ba3 Kg8 22. Ne5 Qxd4 23. Bf7+ Kf8 24. Ng6+ Kxf7 25. Nxh8+ Kg8 26. Bxe7 Kxh8 27.
Rfd1 Qf4 28. Rd8+ Ng8 29. Qg6 e5 30. Qe8 Qxc4 31. Rxc8 Rxc8 32. Qxc8 Qd4 33.
Rb1 Qxa4 34. Qxb7 Kh7 35. Bf8 Qg4 36. Qxa7 e4 37. h3 Qg6 38. Rb7 1-0

[Event "MKings-Excaliburs"]
[Site "?"]
[Date "1999.09.23"]
[Round "?"]
[White "Piparia, J"]
[Black "Weitz, R"]
[Result "1-0"]
[WhiteElo "1757"]
[BlackElo "1668"]
[PlyCount "91"]
[EventDate "1999.??.??"]

1. e4 c5 2. Nf3 d6 3. d4 cxd4 4. Nxd4 Nf6 5. Nc3 e6 6. Be2 Be7 7. O-O Nc6 8.
Be3 8... O-O { } 9. a4 a6 10. Nb3 Bd7 11. a5 {
White sets his sights on the b6-hole} 11... Qc8 12. f3 Qb8 13. Na4 Bd8 14. Bb6
14... Nb4 { hoping for Bxa4} 15. Bxd8 Rxd8 (15... Bxa4 $2 16. Rxa4 {
White has won a piece}) 16. Nb6 { } 16... Qc7 17. Nxa8 Rxa8 18. c3 Nc6 19. Qc2
19... Ne5 { White's slight material gain doesn't matter, yet. He must work to
get the ranks and files open.} 20. Nd2 (20. f4 Neg4 21. Rf3 Bc6 22. Bd3 {
trouble is brewing against the Black King}) 20... d5 21. Rf2 (21. exd5 21...
Nxd5 {and Ne3 or Qc5+ temporarily use dark squares}) 21... d4 22. Rc1 { } 22...
d3 $2 {dropping a Pawn for no reason} 23. Bxd3 Nxd3 24. Qxd3 Bb5 25. c4 { }
25... Nh5 26. Qe3 e5 27. Qb6 { } 27... Qxb6 (27... Qc8 {
keeps Queens on at expense of trapping Ra8}) 28. axb6 Bc6 29. g3 g6 30. Nb3 { }
30... Ng7 (30... Rd8 31. Rd2) 31. Rd2 f5 32. Na5 fxe4 (32... Rc8 33. Nxc6 Rxc6
34. Rd8+ Kf7 35. Rd7+ {wins a Pawn}) 33. Nxc6 bxc6 34. fxe4 34... Ne6 {
and White won in another 12} 35. Rd7 Nd4 36. Kg2 Rb8 37. b7 a5 38. Rc7 Rxb7 39.
Rxb7 a4 40. Re7 a3 41. bxa3 h5 42. Rb1 Ne6 43. Rxe6 Kh7 44. a4 c5 45. a5 h4 46.
a6 1-0

[Event "Excaliburs-MKings"]
[Site "?"]
[Date "1999.09.23"]
[Round "?"]
[White "Suerth, F"]
[Black "Goncharoff, N"]
[Result "0-1"]
[WhiteElo "1588"]
[BlackElo "1704"]
[PlyCount "70"]
[EventDate "1999.??.??"]

1. e4 c5 2. d4 cxd4 3. Qxd4 Nc6 4. Qc3 Qa5 5. Qxa5 Nxa5 6. Nc3 d6 7. Bb5+ Bd7
8. Bxd7+ Kxd7 9. Nge2 e5 10. Be3 Nc4 11. Bc1 Nf6 12. b3 Nb6 13. Ba3 a6 14. O-O
Rc8 15. Rfd1 Rc6 16. Rd3 Be7 17. Rad1 Rhc8 18. h3 h5 19. Bb4 g6 20. f4 Ke6 21.
fxe5 dxe5 22. Bxe7 Kxe7 23. Nd5+ Nbxd5 24. exd5 Rxc2 25. d6+ Kd7 26. R1d2 Rxd2
27. Rxd2 Rc6 28. Ng3 Rxd6 29. Re2 Ke6 30. Kf2 h4 31. Nf1 Nh5 32. Re3 f5 33. g4
hxg3+ 34. Nxg3 Nxg3 35. Kxg3 f4+ 0-1

[Event "Excaliburs-MKings"]
[Site "?"]
[Date "1999.09.23"]
[Round "?"]
[White "Brotsos, J"]
[Black "Gryparis, J"]
[Result "1-0"]
[WhiteElo "1543"]
[BlackElo "1451"]
[PlyCount "80"]
[EventDate "1999.??.??"]

1. e4 c6 2. d4 d5 3. Nc3 dxe4 4. Nxe4 Nd7 5. Bd3 5... Ngf6 { } 6. Qe2 {
unprotecting d4, as Black shows} (6. Ng5 {is book line}) 6... Nxe4 7. Bxe4 7...
Nf6 { } 8. Nf3 Bg4 9. O-O Bxf3 10. Bxf3 { } 10... e6 (10... Qxd4 11. Rd1 Qb6
12. Be3 {Wh gets plenty of development and piece play for the P.} 12... Qxb2 $2
{is too greedy} 13. Rab1 Qxa2 14. Rxb7 {
Blacks position is a mess-weaknesses at a7,c6 and down d-file.} 14... Rc8 (
14... Qa4 15. Qd2 15... e6 $4 16. Rxa7 $1 16... Rxa7 17. Qd8#) (14... Nd5 $4
15. Bxd5 cxd5 16. Qb5+ Kd8 17. Qd7#) (14... e6 15. Bxc6+) 15. Rxa7 {
Wh has a blazing attack while all of Black's pieces are lifeless.}) 11. Be3 Be7
12. Rfd1 O-O 13. c4 Re8 14. Rd3 Rc8 15. Rad1 Rc7 16. d5 exd5 17. cxd5 cxd5 18.
Bxd5 Nxd5 19. Rxd5 19... Qc8 { } 20. Bd4 {inviting trouble- Black needs to
find a dark-square to attack to uncover Re8 onto Qe2} 20... f6 {not necessary}
(20... Rc2 21. Qe5 (21. Qd3 {is good}) 21... Bf6 { } 22. Qg3 {
idea Bxf6 wins piece} (22. Qf4 22... Qe6 {is similar to line B}) 22... Qe6 {
takes advantage of Bd4 unconnects Rooks, with the Qe1+ mating threat!} (22...
Rc1 23. Bc3 $1 {now Rc1 hangs and B stops Re1+} (23. Bxf6 $4 23... Re1+ $1 {
mates}) 23... Rxd1+ 24. Rxd1 Bxc3 25. bxc3 {
and maybe Black can win a Qside Pawn.}) 23. Qe3 (23. Be3 { } 23... Rxb2 {
Black is fine here} 24. Rd6 24... Qf5 {protecting Bf6 and threatening Rb1})
23... Qxe3 (23... Qxd5 $4 24. Qxe8#) 24. Bxe3 Rxb2 25. Bxa7 25... g6 {
and Blacks pieces are better coordinated}) (20... Rc1 21. g3 (21. Qe5 $4 21...
Bf6 22. Qg3 22... Re1+ {mating}) 21... Bf6 22. Qf3) (20... Bb4 21. Qd3 21...
Rce7 { } 22. g3 Qh3 23. Be3) 21. Qd3 b6 22. Bc3 22... Bc5 { } 23. Rh5 (23. Rd7
Qxd7 24. Qxd7 Rxd7 25. Rxd7 a5) (23. Qg3 {with idea Bxf6} 23... Kh8 (23... Re2
$2 24. Rd8+)) 23... h6 24. Qg6 {Allowing trades and unprotecting White King} (
24. Qd5+ {with idea Rd3-g3} 24... Kh7 25. Rd3 Re2) 24... Rd7 25. Rxd7 Qxd7 26.
g3 Bd4 27. Bxd4 Re1+ 28. Kg2 28... Qxd4 { } 29. Qc2 Kf7 30. Rh4 (30. Qb3+ Kg6
31. Rh4 Qd7) 30... Qd5+ 31. Kh3 Qe6+ 32. Kg2 32... Qxa2 { } 33. Ra4 Qd5+ 34. f3
Re7 35. Kf2 Qb5 36. Ra3 36... Rd7 { } 37. g4 Qb4 38. Kg3 Qe1+ 39. Qf2 { } 39...
Rd2 {oops} (39... Qxf2+ 40. Kxf2 Rd2+ 41. Ke3 41... Rxb2 {
probably a win for Black}) 40. Qxe1 Rxb2 1-0

[Event "Aces-Reader"]
[Site "?"]
[Date "1999.09.23"]
[Round "?"]
[White "Czerniecki, A"]
[Black "Sullivan, C"]
[Result "1-0"]
[WhiteElo "1968"]
[BlackElo "1543"]
[PlyCount "101"]
[EventDate "1999.??.??"]

1. e4 e6 2. d3 Nc6 3. Nf3 Nf6 4. g3 e5 5. Bg2 Bc5 6. O-O d6 7. Nbd2 Be6 8. c3
Qd7 9. Ng5 Bg4 10. Qb3 Na5 11. Qc2 Nc6 12. h3 Bh5 13. a4 h6 14. Ngf3 a5 15. Nh4
Ne7 16. Nb3 Bb6 17. d4 g5 18. Nf5 O-O-O 19. Be3 Nc6 20. d5 Ne7 21. c4 Bg6 22.
g4 Bxe3 23. fxe3 b6 24. Ng3 Ne8 25. Qc3 c6 26. c5 Qb7 27. cxb6 Qxb6 28. Nxa5 c5
29. Rac1 Kd7 30. Nc4 Qa6 31. a5 Nc7 32. Nb6+ Ke8 33. b4 Qb5 34. bxc5 Qxc5 35.
Qd2 Qb5 36. Rxc7 Kf8 37. Nc4 Rc8 38. Nxd6 Qb8 39. Rxc8+ Nxc8 40. Nxc8 Qxc8 41.
Rc1 Qb7 42. Qc3 Qa7 43. Kh2 Qe7 44. Nf5 Bxf5 45. exf5 Kg7 46. e4 h5 47. Qc7 Qe8
48. Qc6 Qb8 49. Qb6 Qf8 50. Rc7 hxg4 51. Qg6# 1-0

[Event "Aces-Reader"]
[Site "?"]
[Date "1999.09.23"]
[Round "?"]
[White "Golla, R"]
[Black "Marsh, M"]
[Result "1-0"]
[WhiteElo "1884"]
[BlackElo "1123"]
[PlyCount "55"]
[EventDate "1999.??.??"]

1. Nf3 d6 2. d4 Nf6 3. g3 g6 4. Bg2 Bg7 5. O-O O-O 6. c4 e6 7. Nc3 Re8 8. e4 e5
9. dxe5 dxe5 10. Qxd8 Rxd8 11. Bg5 Re8 12. Rad1 c6 13. Rd6 Nbd7 14. Rfd1 Re7
15. Bh3 h6 16. Bxd7 Rxd7 17. Bxf6 Bxf6 18. Rxd7 Bxd7 19. Rxd7 b6 20. h4 a6 21.
Kf1 c5 22. Ke2 Rd8 23. Rxd8+ Bxd8 24. Nxe5 Bf6 25. Nd7 Bxc3 26. bxc3 Kg7 27. e5
h5 28. f4 1-0

[Event "Reader-Aces"]
[Site "?"]
[Date "1999.09.23"]
[Round "?"]
[White "Turner, K"]
[Black "Sagalovsky, L"]
[Result "0-1"]
[WhiteElo "1455"]
[BlackElo "1945"]
[PlyCount "102"]
[EventDate "1999.??.??"]

1. e4 d6 2. f4 c5 3. Nf3 Nc6 4. Bb5 a6 5. Bxc6+ bxc6 6. O-O g6 7. d4 c4 8. Nc3
Bg7 9. e5 Nh6 10. Qe2 d5 11. Na4 O-O 12. Nc5 Bg4 13. Qf2 Bxf3 14. Qxf3 Nf5 15.
c3 e6 16. Qh3 Qh4 17. Qxh4 Nxh4 18. Nd7 Rfd8 19. Nf6+ Bxf6 20. exf6 h5 21. Bd2
Rdb8 22. Rab1 Nf5 23. Rf3 Nd6 24. Be1 Ne4 25. b4 a5 26. Rb2 Nxf6 27. Bh4 Ne4
28. Be7 Rb7 29. Bh4 c5 30. b5 Rab8 31. a4 Kg7 32. h3 f6 33. g4 hxg4 34. hxg4
Rh8 35. Bf2 Nxf2 36. Rbxf2 cxd4 37. cxd4 Kf8 38. f5 exf5 39. gxf5 g5 40. Re2
Rbh7 41. Re6 Rh1+ 42. Kg2 R8h2+ 43. Kg3 Kf7 44. Ra6 Rh3+ 45. Kf2 R3h2+ 46. Kg3
c3 47. Rc6 c2 48. Rfc3 Rh3+ 49. Kg2 Rxc3 50. Rxc3 c1=Q 51. Rxc1 Rxc1 0-1

[Event "CCDOC-Chargers"]
[Site "?"]
[Date "1999.10.07"]
[Round "?"]
[White "Williams, K"]
[Black "Warren, J"]
[Result "1/2-1/2"]
[WhiteElo "1989"]
[BlackElo "2110"]
[PlyCount "88"]
[EventDate "1999.??.??"]

1. e4 c6 2. Nf3 d5 3. exd5 cxd5 4. d4 Nf6 5. c3 Bf5 6. Qb3 Qc8 7. Bf4 Nc6 8.
Na3 a6 9. Be2 e6 10. O-O Be7 11. Rac1 O-O 12. c4 Qd7 13. Ne5 Nxe5 14. dxe5 Ne4
15. cxd5 exd5 16. Rfd1 Be6 17. Nc2 Rac8 18. Nd4 Rxc1 19. Rxc1 Rc8 20. Rxc8+
Qxc8 21. Qc2 Qxc2 22. Nxc2 Bc5 23. Be3 Bxe3 24. Nxe3 d4 25. Nc2 Bxa2 26. Nxd4
Bd5 27. f3 Nd2 28. Kf2 Nc4 29. Bxc4 Bxc4 30. Ke3 Kf8 31. Ke4 g6 32. f4 Bf1 33.
g3 Bg2+ 34. Kd3 Bd5 35. Kc3 Ke7 36. Nc2 Kd7 37. Kd4 Bb3 38. Ne1 b6 39. Nf3 h6
40. Nd2 Be6 41. Nf1 a5 42. Ne3 Kc6 43. g4 g5 44. f5 Bb3 1/2-1/2

[Event "CCDOC-Chargers"]
[Site "?"]
[Date "1999.10.07"]
[Round "?"]
[White "Seaton, E"]
[Black "McCarthy, D"]
[Result "0-1"]
[WhiteElo "1612"]
[BlackElo "1698"]
[PlyCount "80"]
[EventDate "1999.??.??"]

1. e4 e5 2. Nf3 Nc6 3. Nc3 Bc5 4. Bc4 Nf6 5. Ng5 O-O 6. d3 d6 7. h3 Na5 8. O-O
Nxc4 9. dxc4 h6 10. Nf3 Be6 11. b3 Qd7 12. Kh2 a5 13. a3 c6 14. Nh4 Bd4 15. Qf3
Bxc3 16. Qxc3 Nxe4 17. Qf3 f5 18. Qh5 f4 19. Nf3 Rf5 20. Qh4 Kh7 21. Re1 g5 22.
Nxg5+ Nxg5 23. Bb2 Rg8 24. Rad1 Nf7 25. Rd3 Rgg5 26. Bc1 Rh5 27. Qg4 Rfg5 28.
Qf3 Bg4 29. Qe4+ Bf5 30. Qf3 Bxd3 31. cxd3 Rh4 32. Kg1 Qxh3 33. Qe4+ Kg8 34.
Kf1 Qf5 35. Qf3 Rh1+ 36. Ke2 Rxe1+ 37. Kxe1 Qg4 38. Qe4 Qxg2 39. Qe2 Qg1+ 40.
Kd2 Rg2 0-1

[Event "Chargers-CCDOC"]
[Site "?"]
[Date "1999.10.07"]
[Round "?"]
[White "Thomas, J"]
[Black "Hall, A"]
[Result "1-0"]
[WhiteElo "1564"]
[BlackElo "1550"]
[PlyCount "113"]
[EventDate "1999.??.??"]

1. e4 e5 2. Nf3 d6 3. d4 Bg4 4. dxe5 Bxf3 5. Qxf3 dxe5 6. Bc4 Nf6 7. O-O Bd6 8.
Qb3 O-O 9. Qxb7 Nbd7 10. Nc3 Nc5 11. Qc6 Qd7 12. Qxd7 Nfxd7 13. Be3 Nf6 14. f3
c6 15. Rfd1 Rfd8 16. Bg5 h6 17. Bxf6 gxf6 18. Kf1 Kg7 19. Rd2 Ne6 20. Rad1 Nd4
21. Ne2 Be7 22. Nxd4 exd4 23. Rxd4 Rxd4 24. Rxd4 Rd8 25. Rxd8 Bxd8 26. Ke2 h5
27. g3 a5 28. Kd3 Bb6 29. h3 Bf2 30. g4 h4 31. Ba6 Kg6 32. f4 Kg7 33. Bb7 c5
34. Kc4 Be3 35. b3 Kf8 36. Kb5 Bxf4 37. Kxc5 Ke7 38. Bd5 Bc7 39. Kc6 Be5 40. c4
Kf8 41. c5 Ke7 42. Kb5 Bc7 43. a3 Bd8 44. b4 axb4 45. axb4 Kf8 46. Kc6 Ke7 47.
b5 f5 48. gxf5 Kf6 49. b6 Kg5 50. b7 Kf4 51. b8=Q+ Kf3 52. Qxd8 Kg3 53. e5 Kxh3
54. e6 fxe6 55. fxe6 Kg3 56. Qg5+ Kh3 57. Qg2# 1-0